Statistics for Every Manchester City Player Since 2000

Click here to take the quiz!

General Stats

  • This quiz has been taken 93 times
    (73 since last reset)
  • The average score is 346 of 683

Answer Stats

% Correct
2001/02DMNorwayAlf-Inge Haaland4
100%
2000/01DMNorwayAlf-Inge Haaland433
100%
2019/20AMPortugalBernardo Silva528
100%
2018/19AMPortugalBernardo Silva5113
100%
2020/21AMPortugalBernardo Silva455
100%
2021/22AMPortugalBernardo Silva5013
100%
2017/18AMPortugalBernardo Silva539
100%
2022/23AMPortugalBernardo Silva557
100%
2016/17AMSpainDavid Silva458
100%
2013/14AMSpainDavid Silva408
100%
2017/18AMSpainDavid Silva4010
100%
2010/11AMSpainDavid Silva536
100%
2014/15AMSpainDavid Silva4212
100%
2011/12AMSpainDavid Silva498
100%
2012/13AMSpainDavid Silva415
100%
2015/16AMSpainDavid Silva364
100%
2018/19AMSpainDavid Silva5010
100%
2019/20AMSpainDavid Silva406
100%
2019/20GKBrazilEderson44
100%
2018/19GKBrazilEderson55
100%
2017/18GKBrazilEderson45
100%
2020/21GKBrazilEderson48
100%
2022/23GKBrazilEderson48
100%
2021/22GKBrazilEderson49
100%
2022/23STNorwayErling Haaland5352
100%
2020/21STBrazilGabriel Jesus4214
100%
2021/22STBrazilGabriel Jesus4113
100%
2018/19STBrazilGabriel Jesus4721
100%
2017/18STBrazilGabriel Jesus4217
100%
2016/17STBrazilGabriel Jesus117
100%
2019/20STBrazilGabriel Jesus5323
100%
2020/21AMBelgiumKevin De Bruyne4010
100%
2019/20AMBelgiumKevin De Bruyne4816
100%
2021/22AMBelgiumKevin De Bruyne4519
100%
2017/18AMBelgiumKevin De Bruyne5212
100%
2018/19AMBelgiumKevin De Bruyne326
100%
2016/17AMBelgiumKevin De Bruyne497
100%
2022/23AMBelgiumKevin De Bruyne4910
100%
2015/16AMBelgiumKevin De Bruyne4116
100%
2020/21RBEnglandKyle Walker422
100%
2019/20RBEnglandKyle Walker421
100%
2017/18RBEnglandKyle Walker48
100%
2018/19RBEnglandKyle Walker522
100%
2022/23RBEnglandKyle Walker39
100%
2021/22RBEnglandKyle Walker311
100%
2020/21LWEnglandPhil Foden5016
100%
2017/18LWEnglandPhil Foden10
100%
2021/22LWEnglandPhil Foden4514
100%
2019/20LWEnglandPhil Foden388
100%
2022/23LWEnglandPhil Foden4815
100%
2018/19LWEnglandPhil Foden267
100%
2022/23RWAlgeriaRiyad Mahrez4715
100%
2021/22RWAlgeriaRiyad Mahrez4724
100%
2019/20RWAlgeriaRiyad Mahrez5013
100%
2018/19RWAlgeriaRiyad Mahrez4412
100%
2020/21RWAlgeriaRiyad Mahrez4814
100%
2012/13STArgentinaSergio Aguero4017
100%
2011/12STArgentinaSergio Aguero4830
100%
2014/15STArgentinaSergio Aguero4232
100%
2013/14STArgentinaSergio Aguero3428
100%
2020/21STArgentinaSergio Aguero206
100%
2019/20STArgentinaSergio Aguero3223
100%
2017/18STArgentinaSergio Aguero3930
100%
2016/17STArgentinaSergio Aguero4533
100%
2018/19STArgentinaSergio Aguero4632
100%
2015/16STArgentinaSergio Aguero4429
100%
2021/22CMGermanyIlkay Gundogan4310
98%
2020/21CMGermanyIlkay Gundogan4617
98%
2019/20CMGermanyIlkay Gundogan505
98%
2018/19CMGermanyIlkay Gundogan506
98%
2017/18CMGermanyIlkay Gundogan486
98%
2022/23CMGermanyIlkay Gundogan5111
98%
2016/17CMGermanyIlkay Gundogan165
98%
2022/23STArgentinaJulian Alvarez4917
98%
2019/20DMSpainRodri524
98%
2022/23DMSpainRodri564
98%
2020/21DMSpainRodri532
98%
2021/22DMSpainRodri467
98%
2001/02RWFranceAlioune Toure2
96%
2019/20RBPortugalJoao Cancelo331
96%
2020/21RBPortugalJoao Cancelo433
96%
2022/23RBPortugalJoao Cancelo262
96%
2021/22RBPortugalJoao Cancelo523
96%
2010/11CBIvory CoastKolo Toure291
96%
2011/12CBIvory CoastKolo Toure20
96%
2012/13CBIvory CoastKolo Toure18
96%
2009/10CBIvory CoastKolo Toure352
96%
2022/23CBSwitzerlandManuel Akanji481
96%
2021/22CBNetherlandsNathan Ake273
96%
2020/21CBNetherlandsNathan Ake131
96%
2022/23CBNetherlandsNathan Ake413
96%
2021/22LWEnglandRaheem Sterling4717
96%
2015/16LWEnglandRaheem Sterling4711
96%
2018/19LWEnglandRaheem Sterling5125
96%
2017/18LWEnglandRaheem Sterling4623
96%
2019/20LWEnglandRaheem Sterling5231
96%
2016/17LWEnglandRaheem Sterling4710
96%
2020/21LWEnglandRaheem Sterling4914
96%
2017/18CBBelgiumVincent Kompany212
96%
2010/11CBBelgiumVincent Kompany50
96%
2013/14CBBelgiumVincent Kompany375
96%
2014/15CBBelgiumVincent Kompany33
96%
2018/19CBBelgiumVincent Kompany261
96%
2015/16CBBelgiumVincent Kompany222
96%
2012/13CBBelgiumVincent Kompany371
96%
2011/12CBBelgiumVincent Kompany423
96%
2016/17CBBelgiumVincent Kompany153
96%
2008/09CBBelgiumVincent Kompany451
96%
2009/10CBBelgiumVincent Kompany322
96%
2016/17CMIvory CoastYaya Toure317
96%
2014/15CMIvory CoastYaya Toure3812
96%
2017/18CMIvory CoastYaya Toure17
96%
2013/14CMIvory CoastYaya Toure4924
96%
2012/13CMIvory CoastYaya Toure429
96%
2015/16CMIvory CoastYaya Toure478
96%
2010/11CMIvory CoastYaya Toure5010
96%
2011/12CMIvory CoastYaya Toure429
96%
2020/21DMBrazilFernandinho361
94%
2018/19DMBrazilFernandinho421
94%
2015/16DMBrazilFernandinho506
94%
2019/20DMBrazilFernandinho41
94%
2013/14DMBrazilFernandinho465
94%
2016/17DMBrazilFernandinho443
94%
2021/22DMBrazilFernandinho332
94%
2014/15DMBrazilFernandinho433
94%
2017/18DMBrazilFernandinho485
94%
2021/22LWEnglandJack Grealish396
94%
2022/23LWEnglandJack Grealish505
94%
2018/19CBEnglandJohn Stones39
94%
2020/21CBEnglandJohn Stones355
94%
2017/18CBEnglandJohn Stones293
94%
2021/22CBEnglandJohn Stones272
94%
2022/23CBEnglandJohn Stones343
94%
2019/20CBEnglandJohn Stones24
94%
2016/17CBEnglandJohn Stones412
94%
2018/19CBArgentinaNicolas Otamendi331
94%
2019/20CBArgentinaNicolas Otamendi393
94%
2016/17CBArgentinaNicolas Otamendi431
94%
2015/16CBArgentinaNicolas Otamendi491
94%
2017/18CBArgentinaNicolas Otamendi465
94%
2020/21CBPortugalRuben Dias501
94%
2021/22CBPortugalRuben Dias402
94%
2022/23CBPortugalRuben Dias431
94%
2021/22CBSpainAymeric Laporte444
92%
2019/20CBSpainAymeric Laporte201
92%
2018/19CBSpainAymeric Laporte515
92%
2022/23CBSpainAymeric Laporte24
92%
2017/18CBSpainAymeric Laporte13
92%
2020/21CBSpainAymeric Laporte272
92%
2006/07GKEnglandJoe Hart1
92%
2013/14GKEnglandJoe Hart39
92%
2015/16GKEnglandJoe Hart47
92%
2012/13GKEnglandJoe Hart45
92%
2010/11GKEnglandJoe Hart55
92%
2016/17GKEnglandJoe Hart1
92%
2011/12GKEnglandJoe Hart51
92%
2008/09GKEnglandJoe Hart33
92%
2007/08GKEnglandJoe Hart32
92%
2014/15GKEnglandJoe Hart44
92%
2016/17RWGermanyLeroy Sane379
92%
2018/19RWGermanyLeroy Sane4716
92%
2019/20RWGermanyLeroy Sane2
92%
2017/18RWGermanyLeroy Sane4914
92%
2010/11STBosniaEdin Dzeko216
91%
2012/13STBosniaEdin Dzeko4515
91%
2014/15STBosniaEdin Dzeko326
91%
2011/12STBosniaEdin Dzeko4319
91%
2013/14STBosniaEdin Dzeko4826
91%
2017/18LBUkraineOleksandr Zinchenko14
91%
2018/19LBUkraineOleksandr Zinchenko291
91%
2021/22LBUkraineOleksandr Zinchenko28
91%
2020/21LBUkraineOleksandr Zinchenko32
91%
2019/20LBUkraineOleksandr Zinchenko251
91%
2017/18GKChileClaudio Bravo13
87%
2019/20GKChileClaudio Bravo17
87%
2016/17GKChileClaudio Bravo30
87%
2018/19GKChileClaudio Bravo1
87%
2011/12STItalyMario Balotelli3217
87%
2010/11STItalyMario Balotelli2810
87%
2012/13STItalyMario Balotelli203
87%
2010/11LBSerbiaAleksandar Kolarov373
85%
2015/16LBSerbiaAleksandar Kolarov393
85%
2016/17LBSerbiaAleksandar Kolarov401
85%
2014/15LBSerbiaAleksandar Kolarov302
85%
2011/12LBSerbiaAleksandar Kolarov274
85%
2012/13LBSerbiaAleksandar Kolarov304
85%
2013/14LBSerbiaAleksandar Kolarov444
85%
2021/22LBFranceBenjamin Mendy2
85%
2019/20LBFranceBenjamin Mendy30
85%
2018/19LBFranceBenjamin Mendy15
85%
2017/18LBFranceBenjamin Mendy8
85%
2020/21LBFranceBenjamin Mendy202
85%
2020/21RWSpainFerran Torres3613
85%
2021/22RWSpainFerran Torres73
85%
2012/13CMEnglandJames Milner364
85%
2011/12CMEnglandJames Milner373
85%
2010/11CMEnglandJames Milner412
85%
2013/14CMEnglandJames Milner442
85%
2014/15CMEnglandJames Milner458
85%
2014/15RBArgentinaPablo Zabaleta362
85%
2010/11RBArgentinaPablo Zabaleta452
85%
2015/16RBArgentinaPablo Zabaleta22
85%
2012/13RBArgentinaPablo Zabaleta423
85%
2013/14RBArgentinaPablo Zabaleta481
85%
2009/10RBArgentinaPablo Zabaleta35
85%
2008/09RBArgentinaPablo Zabaleta421
85%
2011/12RBArgentinaPablo Zabaleta311
85%
2016/17RBArgentinaPablo Zabaleta322
85%
2014/15DMBrazilFernando332
83%
2016/17DMBrazilFernando27
83%
2015/16DMBrazilFernando412
83%
2022/23GKGermanyStefan Ortega14
83%
2004/05STEnglandBradley Wright-Phillips18
81%
2005/06STEnglandBradley Wright-Phillips221
81%
2009/10SSArgentinaCarlos Tevez4229
81%
2012/13SSArgentinaCarlos Tevez4717
81%
2011/12SSArgentinaCarlos Tevez154
81%
2010/11SSArgentinaCarlos Tevez4423
81%
2020/21AMEnglandCole Palmer2
81%
2022/23AMEnglandCole Palmer251
81%
2021/22AMEnglandCole Palmer113
81%
2014/15AMFranceSamir Nasri333
81%
2016/17AMFranceSamir Nasri1
81%
2013/14AMFranceSamir Nasri4611
81%
2015/16AMFranceSamir Nasri132
81%
2011/12AMFranceSamir Nasri456
81%
2012/13AMFranceSamir Nasri385
81%
2002/03RWEnglandShaun Wright-Phillips341
81%
2003/04RWEnglandShaun Wright-Phillips4611
81%
2004/05RWEnglandShaun Wright-Phillips3612
81%
2001/02RWEnglandShaun Wright-Phillips408
81%
2008/09RWEnglandShaun Wright-Phillips378
81%
2010/11RWEnglandShaun Wright-Phillips191
81%
2000/01RWEnglandShaun Wright-Phillips20
81%
2009/10RWEnglandShaun Wright-Phillips387
81%
2013/14RBSpainJesus Navas486
79%
2016/17RBSpainJesus Navas36
79%
2014/15RBSpainJesus Navas471
79%
2015/16RBSpainJesus Navas521
79%
2010/11STBrazilJo243
79%
2008/09STBrazilJo183
79%
2014/15RBFranceBacary Sagna16
77%
2015/16RBFranceBacary Sagna45
77%
2016/17RBFranceBacary Sagna25
77%
2011/12LBFranceGael Clichy37
77%
2012/13LBFranceGael Clichy37
77%
2015/16LBFranceGael Clichy28
77%
2014/15LBFranceGael Clichy311
77%
2016/17LBFranceGael Clichy392
77%
2013/14LBFranceGael Clichy31
77%
2022/23DMEnglandKalvin Phillips21
77%
2022/23RBEnglandRico Lewis231
75%
2015/16GKArgentinaWilly Caballero14
74%
2014/15GKArgentinaWilly Caballero7
74%
2016/17GKArgentinaWilly Caballero27
74%
2015/16CMSpainAleix Garcia1
72%
2016/17CMSpainAleix Garcia81
72%
2014/15CBFranceEliaquim Mangala31
72%
2015/16CBFranceEliaquim Mangala33
72%
2017/18CBFranceEliaquim Mangala15
72%
2018/19CBSpainEric Garcia3
72%
2019/20CBSpainEric Garcia20
72%
2020/21CBSpainEric Garcia12
72%
2013/14DMSpainJavi Garcia43
72%
2012/13DMSpainJavi Garcia332
72%
2016/17STNigeriaKelechi Iheanacho297
72%
2015/16STNigeriaKelechi Iheanacho3514
72%
2015/16AMSpainManu Garcia41
72%
2013/14CBArgentinaMartin Demichelis352
72%
2014/15CBArgentinaMartin Demichelis401
72%
2015/16CBArgentinaMartin Demichelis311
72%
2013/14STSpainAlvaro Negredo4923
70%
2014/15STIvory CoastWilfried Bony122
70%
2015/16STIvory CoastWilfried Bony349
70%
2010/11STTogoEmmanuel Adebayor145
68%
2009/10STTogoEmmanuel Adebayor3114
68%
2011/12DMNetherlandsNigel de Jong361
68%
2010/11DMNetherlandsNigel de Jong411
68%
2008/09DMNetherlandsNigel de Jong16
68%
2012/13DMNetherlandsNigel de Jong2
68%
2009/10DMNetherlandsNigel de Jong42
68%
2020/21GKUnited StatesZack Steffen12
68%
2021/22GKUnited StatesZack Steffen9
68%
2014/15CMEnglandFrank Lampard388
66%
2009/10RBEnglandMicah Richards292
66%
2006/07RBEnglandMicah Richards341
66%
2007/08RBEnglandMicah Richards29
66%
2011/12RBEnglandMicah Richards371
66%
2005/06RBEnglandMicah Richards161
66%
2012/13RBEnglandMicah Richards8
66%
2010/11RBEnglandMicah Richards313
66%
2008/09RBEnglandMicah Richards501
66%
2014/15RBEnglandMicah Richards1
66%
2013/14RBEnglandMicah Richards10
66%
2013/14STMontenegroStevan Jovetic186
66%
2014/15STMontenegroStevan Jovetic265
66%
2011/12CBEnglandJoleon Lescott423
64%
2010/11CBEnglandJoleon Lescott373
64%
2009/10CBEnglandJoleon Lescott242
64%
2013/14CBEnglandJoleon Lescott24
64%
2012/13CBEnglandJoleon Lescott331
64%
2008/09LWBrazilRobinho4115
62%
2009/10LWBrazilRobinho121
62%
2011/12DMEnglandGareth Barry441
60%
2012/13DMEnglandGareth Barry412
60%
2009/10DMEnglandGareth Barry433
60%
2010/11DMEnglandGareth Barry472
60%
2022/23LBSpainSergio Gomez23
60%
2017/18CBBrazilDanilo383
58%
2018/19CBBrazilDanilo221
58%
2016/17LWSpainNolito306
58%
2017/18CMEnglandFabian Delph291
57%
2018/19CMEnglandFabian Delph20
57%
2016/17CMEnglandFabian Delph132
57%
2015/16CMEnglandFabian Delph272
57%
2010/11GKIrelandShay Given4
57%
2008/09GKIrelandShay Given21
57%
2009/10GKIrelandShay Given44
57%
2010/11CBGermanyJerome Boateng24
55%
2013/14CBSerbiaMatija Nastasic20
53%
2014/15CBSerbiaMatija Nastasic1
53%
2012/13CBSerbiaMatija Nastasic30
53%
2012/13CBMontenegroStefan Savic1
53%
2011/12CBMontenegroStefan Savic201
53%
2010/11RWEnglandAdam Johnson436
51%
2011/12RWEnglandAdam Johnson387
51%
2009/10RWEnglandAdam Johnson161
51%
2018/19AMSpainBrahim Diaz42
51%
2017/18AMSpainBrahim Diaz10
51%
2016/17AMSpainBrahim Diaz1
51%
2007/08DMEnglandMichael Johnson252
51%
2008/09DMEnglandMichael Johnson8
51%
2009/10DMEnglandMichael Johnson21
51%
2006/07DMEnglandMichael Johnson10
51%
2007/08GKDenmarkKasper Schmeichel7
49%
2008/09GKDenmarkKasper Schmeichel3
49%
2015/16LBSpainAngelino1
47%
2019/20LBSpainAngelino12
47%
2016/17LBSpainAngelino2
47%
2004/05STFranceNicolas Anelka197
45%
2003/04STFranceNicolas Anelka4324
45%
2002/03STFranceNicolas Anelka4114
45%
2010/11DMFrancePatrick Vieira325
45%
2009/10DMFrancePatrick Vieira141
45%
2002/03GKDenmarkPeter Schmeichel31
45%
2009/10AMIrelandStephen Ireland303
45%
2006/07AMIrelandStephen Ireland293
45%
2007/08AMIrelandStephen Ireland394
45%
2008/09AMIrelandStephen Ireland5013
45%
2005/06AMIrelandStephen Ireland28
45%
2021/22GKEnglandScott Carson1
43%
2020/21GKEnglandScott Carson1
43%
2008/09LWWalesCraig Bellamy114
42%
2009/10LWWalesCraig Bellamy4011
42%
2003/04CBIrelandRichard Dunne40
42%
2007/08CBIrelandRichard Dunne42
42%
2005/06CBIrelandRichard Dunne383
42%
2004/05CBIrelandRichard Dunne361
42%
2000/01CBIrelandRichard Dunne28
42%
2002/03CBIrelandRichard Dunne26
42%
2001/02CBIrelandRichard Dunne491
42%
2009/10CBIrelandRichard Dunne2
42%
2008/09CBIrelandRichard Dunne471
42%
2006/07CBIrelandRichard Dunne441
42%
2005/06STEnglandAndy Cole2310
40%
2013/14GKRomaniaCostel Pantilimon18
40%
2011/12GKRomaniaCostel Pantilimon4
40%
2012/13GKRomaniaCostel Pantilimon7
40%
2004/05GKEnglandDavid James39
40%
2003/04GKEnglandDavid James17
40%
2005/06GKEnglandDavid James44
40%
2007/08AMBrazilElano3810
40%
2008/09AMBrazilElano428
40%
2009/10STParaguayRoque Santa Cruz224
40%
2010/11STParaguayRoque Santa Cruz2
40%
2018/19GKKosovoArijanet Muric5
34%
2009/10CBBelgiumDedryck Boyata7
34%
2013/14CBBelgiumDedryck Boyata6
34%
2010/11CBBelgiumDedryck Boyata161
34%
2014/15CBBelgiumDedryck Boyata6
34%
2012/13RBBrazilMaicon13
34%
2009/10LWBulgariaMartin Petrov205
34%
2007/08LWBulgariaMartin Petrov385
34%
2008/09LWBulgariaMartin Petrov142
34%
2022/23DMArgentinaMaximo Perrone2
34%
2005/06CBFranceSylvain Distin36
34%
2002/03CBFranceSylvain Distin36
34%
2004/05CBFranceSylvain Distin411
34%
2003/04CBFranceSylvain Distin503
34%
2006/07CBFranceSylvain Distin432
34%
2006/07CMEnglandJoey Barton387
32%
2004/05CMEnglandJoey Barton332
32%
2005/06CMEnglandJoey Barton366
32%
2003/04CMEnglandJoey Barton391
32%
2002/03CMEnglandJoey Barton71
32%
2014/15LWEnglandScott Sinclair4
32%
2012/13LWEnglandScott Sinclair15
32%
2006/07LWEnglandTrevor Sinclair21
32%
2003/04LWEnglandTrevor Sinclair382
32%
2004/05LWEnglandTrevor Sinclair51
32%
2005/06LWEnglandTrevor Sinclair343
32%
2007/08CBCroatiaVedran Corluka41
32%
2008/09CBCroatiaVedran Corluka61
32%
2008/09LBEnglandWayne Bridge22
32%
2011/12LBEnglandWayne Bridge1
32%
2009/10LBEnglandWayne Bridge28
32%
2010/11LBEnglandWayne Bridge7
32%
2020/21STEnglandLiam Delap31
30%
2021/22STEnglandLiam Delap3
30%
2004/05CMUnited StatesClaudio Reyna172
28%
2003/04CMUnited StatesClaudio Reyna311
28%
2006/07CMUnited StatesClaudio Reyna16
28%
2005/06CMUnited StatesClaudio Reyna231
28%
2008/09STEnglandDaniel Sturridge264
28%
2006/07STEnglandDaniel Sturridge2
28%
2007/08STEnglandDaniel Sturridge42
28%
2013/14CBEnglandJack Rodwell10
28%
2012/13CBEnglandJack Rodwell152
28%
2021/22CMEnglandJames McAtee6
28%
2002/03STEnglandRobbie Fowler132
28%
2004/05STEnglandRobbie Fowler3211
28%
2005/06STEnglandRobbie Fowler54
28%
2003/04STEnglandRobbie Fowler4110
28%
2008/09DMSwitzerlandGelson Fernandes272
26%
2007/08DMSwitzerlandGelson Fernandes322
26%
2005/06LWGreeceGeorgios Samaras165
26%
2007/08LWGreeceGeorgios Samaras71
26%
2006/07LWGreeceGeorgios Samaras426
26%
2019/20CBEnglandTaylor Harwood-Bellis41
26%
2020/21CBEnglandTaylor Harwood-Bellis4
26%
2015/16AMKosovoBersant Celina4
25%
2003/04CBBelgiumDaniel Van Buyten6
25%
2007/08DMGermanyDietmar Hamann34
25%
2006/07DMGermanyDietmar Hamann19
25%
2008/09DMGermanyDietmar Hamann181
25%
2000/01STLiberiaGeorge Weah93
25%
2003/04STCosta RicaPaulo Wanchope266
25%
2000/01STCosta RicaPaulo Wanchope3110
25%
2001/02STCosta RicaPaulo Wanchope1813
25%
2021/22DMBelgiumRomeo Lavia2
25%
2007/08GKSwedenAndreas Isaksson6
23%
2006/07GKSwedenAndreas Isaksson14
23%
2018/19CMGermanyFelix Nmecha1
23%
2020/21CMGermanyFelix Nmecha2
23%
2007/08AMBrazilGeovanni233
23%
2017/18STGermanyLukas Nmecha3
23%
2006/07LBEnglandMichael Ball141
23%
2008/09LBEnglandMichael Ball14
23%
2007/08LBEnglandMichael Ball35
23%
2003/04RMEnglandSteve McManaman30
23%
2004/05RMEnglandSteve McManaman14
23%
2001/02CBChinaSun Jihai7
23%
2007/08CBChinaSun Jihai16
23%
2006/07CBChinaSun Jihai14
23%
2005/06CBChinaSun Jihai34
23%
2003/04CBChinaSun Jihai422
23%
2004/05CBChinaSun Jihai7
23%
2002/03CBChinaSun Jihai312
23%
2009/10STZimbabweBenjani Mwaruwari61
21%
2008/09STZimbabweBenjani Mwaruwari123
21%
2007/08STZimbabweBenjani Mwaruwari133
21%
2007/08STWalesChed Evans1
21%
2008/09STWalesChed Evans251
21%
2018/19DMFranceClaudio Gomes2
21%
2020/21DMFranceClaudio Gomes1
21%
2006/07STEnglandDarius Vassell365
21%
2005/06STEnglandDarius Vassell4110
21%
2007/08STEnglandDarius Vassell326
21%
2008/09STEnglandDarius Vassell151
21%
2011/12CMChileDavid Pizarro71
21%
2003/04GKEnglandDavid Seaman26
21%
2015/16DMEnglandGeorge Evans1
21%
2021/22RWBrazilKayky2
21%
2013/14RWPortugalRony Lopes4
21%
2012/13RWPortugalRony Lopes11
21%
2022/23DMNorthern IrelandShea Charles1
21%
2019/20CMEnglandTommy Doyle3
21%
2020/21CMEnglandTommy Doyle4
21%
2007/08STEcuadorFelipe Caicedo10
19%
2008/09STEcuadorFelipe Caicedo257
19%
2014/15AMSpainJose Angel Pozo41
19%
2015/16RWEnglandPatrick Roberts3
19%
2001/02STScotlandPaul Dickov81
19%
2007/08STScotlandPaul Dickov1
19%
2000/01STScotlandPaul Dickov255
19%
2006/07STScotlandPaul Dickov18
19%
2008/09CBIsraelTal Ben-Haim15
19%
2006/07STItalyBernardo Corradi293
17%
2010/11RBEnglandJavan Vidal1
17%
2021/22LBEnglandJosh Wilson-Esbrand1
17%
2022/23LBEnglandJosh Wilson-Esbrand2
17%
2009/10CBEnglandNedum Onuoha132
17%
2011/12CBEnglandNedum Onuoha3
17%
2006/07CBEnglandNedum Onuoha19
17%
2008/09CBEnglandNedum Onuoha302
17%
2007/08CBEnglandNedum Onuoha211
17%
2005/06CBEnglandNedum Onuoha12
17%
2004/05CBEnglandNedum Onuoha18
17%
2011/12DMEnglandOwen Hargreaves41
17%
2000/01STBermudaShaun Goater3211
17%
2001/02STBermudaShaun Goater4632
17%
2002/03STBermudaShaun Goater297
17%
2007/08STBulgariaValeri Bojinov3
17%
2008/09STBulgariaValeri Bojinov91
17%
2003/04AMFranceAntoine Sibierski397
15%
2005/06AMFranceAntoine Sibierski292
15%
2004/05AMFranceAntoine Sibierski386
15%
2006/07LBUnited StatesDaMarcus Beasley224
15%
2010/11STSwedenJohn Guidetti1
15%
2009/10LBBrazilSylvinho151
15%
2008/09LWSlovakiaVladimir Weiss1
15%
2009/10LWSlovakiaVladimir Weiss41
15%
2010/11CBEnglandBen Mee1
13%
2005/06RBEnglandDanny Mills181
13%
2006/07RBEnglandDanny Mills1
13%
2004/05RBEnglandDanny Mills35
13%
2006/07STBelgiumEmile Mpenza113
13%
2007/08STBelgiumEmile Mpenza183
13%
2008/09LBSpainJavier Garrido211
13%
2007/08LBSpainJavier Garrido29
13%
2009/10LBSpainJavier Garrido121
13%
2002/03DMCameroonMarc-Vivien Foe389
13%
2006/07CBEnglandMatt Mills1
13%
2005/06CBEnglandMatt Mills1
13%
2004/05GKEnglandNicky Weaver1
13%
2000/01GKEnglandNicky Weaver39
13%
2006/07GKEnglandNicky Weaver31
13%
2003/04GKEnglandNicky Weaver1
13%
2001/02GKEnglandNicky Weaver29
13%
2016/17RBSpainPablo Maffeo3
13%
2018/19CBNetherlandsPhilippe Sandler2
13%
2007/08STItalyRolando Bianchi245
13%
2009/10GKEnglandStuart Taylor1
13%
2004/05LBWalesBen Thatcher21
11%
2005/06LBWalesBen Thatcher19
11%
2006/07LBWalesBen Thatcher11
11%
2005/06LWNetherlandsKiki Musampa311
11%
2004/05LWNetherlandsKiki Musampa143
11%
2003/04CBEnglandStephen Jordan2
11%
2002/03CBEnglandStephen Jordan1
11%
2005/06CBEnglandStephen Jordan24
11%
2006/07CBEnglandStephen Jordan16
11%
2004/05CBEnglandStephen Jordan21
11%
2016/17CBEnglandTosin Adarabioyo3
11%
2015/16CBEnglandTosin Adarabioyo1
11%
2017/18CBEnglandTosin Adarabioyo4
11%
2010/11CMNorwayAbdisalam Ibrahim1
9%
2009/10CMNorwayAbdisalam Ibrahim2
9%
2012/13CMIvory CoastAbdul Razak5
9%
2011/12CMIvory CoastAbdul Razak4
9%
2010/11CMIvory CoastAbdul Razak1
9%
2005/06LMSpainAlbert Riera191
9%
2015/16STFranceDavid Faupala11
9%
2001/02DMNigeriaDickson Etuhu13
9%
2008/09CBBrazilGlauber1
9%
2006/07STEnglandIshmael Miller19
9%
2007/08DMNigeriaKelvin Etuhu81
9%
2008/09DMNigeriaKelvin Etuhu7
9%
2006/07DMFranceOusmane Dabo17
9%
2007/08DMFranceOusmane Dabo1
9%
2004/05DMNetherlandsPaul Bosvelt302
9%
2003/04DMNetherlandsPaul Bosvelt351
9%
2021/22LWEnglandSamuel Edozie1
9%
2001/02LBEnglandStuart Pearce433
9%
2000/01RMRussiaAndrei Kanchelskis111
8%
2000/01CBScotlandAndy Morrison71
8%
2014/15DMArgentinaBruno Zuculini1
8%
2015/16CBEnglandCameron Humphreys2
8%
2003/04LBAustraliaDanny Tiatto9
8%
2000/01LBAustraliaDanny Tiatto392
8%
2001/02LBAustraliaDanny Tiatto401
8%
2002/03LBAustraliaDanny Tiatto13
8%
2000/01RWEnglandDarren Huckerby162
8%
2001/02RWEnglandDarren Huckerby4626
8%
2002/03RWEnglandDarren Huckerby192
8%
2003/04RWEnglandDarren Huckerby11
8%
2002/03CBGuadeloupeDavid Sommeil141
8%
2003/04CBGuadeloupeDavid Sommeil252
8%
2005/06CBGuadeloupeDavid Sommeil172
8%
2004/05CBGuadeloupeDavid Sommeil2
8%
2002/03AMIsraelEyal Berkovic292
8%
2003/04AMIsraelEyal Berkovic7
8%
2001/02AMIsraelEyal Berkovic317
8%
2010/11LBIrelandGreg Cunningham2
8%
2009/10LBIrelandGreg Cunningham3
8%
2009/10GKFaroe IslandsGunnar Nielsen1
8%
2006/07RBTunisiaHatem Trabelsi231
8%
2004/05RMEnglandLee Croft7
8%
2005/06RMEnglandLee Croft251
8%
2009/10GKHungaryMarton Fulop3
8%
2003/04LBGermanyMichael Tarnat414
8%
2007/08RWMexicoNery Castillo9
8%
2020/21CMSpainAdrian Bernabe1
6%
2018/19CMSpainAdrian Bernabe1
6%
2019/20CMSpainAdrian Bernabe3
6%
2009/10STEnglandAlex Nimely1
6%
2010/11STEnglandAlex Nimely1
6%
2021/22RWEnglandBen Knight1
6%
2015/16LWEnglandBrandon Barker1
6%
2000/01GKEnglandCarlo Nash6
6%
2001/02GKEnglandCarlo Nash25
6%
2002/03GKEnglandCarlo Nash10
6%
2021/22CBEnglandCJ Egan-Riley3
6%
2011/12AMSpainDenis Suarez1
6%
2012/13AMSpainDenis Suarez1
6%
2003/04DMIrelandGlenn Whelan1
6%
2004/05STIrelandJon Macken253
6%
2002/03STIrelandJon Macken5
6%
2001/02STIrelandJon Macken85
6%
2003/04STIrelandJon Macken214
6%
2012/13CBNetherlandsKarim Rekik1
6%
2011/12CBNetherlandsKarim Rekik2
6%
2001/02DMNorthern IrelandKevin Horlock478
6%
2002/03DMNorthern IrelandKevin Horlock33
6%
2000/01DMNorthern IrelandKevin Horlock183
6%
2001/02STEnglandLeon Mike2
6%
2021/22CBEnglandLuke Mbete3
6%
2010/11LBNorthern IrelandRyan McGivern1
6%
2007/08LBEnglandSam Williamson1
6%
2017/18CMNigeriaTom Dele-Bashiru1
6%
2001/02AMAlgeriaAli Bernarbia428
4%
2002/03AMAlgeriaAli Bernarbia363
4%
2003/04DMFranceChristian Negouai11
4%
2001/02DMFranceChristian Negouai71
4%
2004/05DMFranceChristian Negouai2
4%
2006/07RWAlgeriaDjamel Abdoun1
4%
2002/03RMAlgeriaDjamel Belmadi8
4%
2013/14DMWalesEmyr Huws1
4%
2021/22CBEnglandFinley Burns1
4%
2001/02DMNorthern IrelandJeff Whitley2
4%
2000/01DMNorthern IrelandJeff Whitley371
4%
2000/01LBIrelandMark Kennedy301
4%
2002/03CBDenmarkMikkel Bischoff1
4%
2003/04CBDenmarkMikkel Bischoff1
4%
2001/02LBDenmarkNiclas Jensen201
4%
2002/03LBDenmarkNiclas Jensen361
4%
2010/11RBEnglandReece Wabara1
4%
2008/09RBEnglandShay Logan1
4%
2007/08RBEnglandShay Logan2
4%
2003/04STIrelandStephen Elliott2
4%
2002/03CBEnglandSteve Howey262
4%
2000/01CBEnglandSteve Howey396
4%
2001/02CBEnglandSteve Howey383
4%
2001/02DMEnglandTony Grant4
4%
2000/01DMEnglandTony Grant12
4%
2005/06CMIrelandWillo Flood5
4%
2003/04CMIrelandWillo Flood1
4%
2004/05CMIrelandWillo Flood122
4%
2010/11LBEnglandChris Chantler1
2%
2001/02STNew ZealandChris Killen3
2%
2000/01STAustraliaDanny Allsopp1
2%
2000/01LBEnglandDanny Granville25
2%
2001/02LBEnglandDanny Granville181
2%
2000/01STNorwayEgil Ostenstad4
2%
2002/03CBNetherlandsGerard Wiekens8
2%
2000/01CBNetherlandsGerard Wiekens412
2%
2001/02CBNetherlandsGerard Wiekens32
2%
2003/04CBNetherlandsGerard Wiekens1
2%
2000/01CMEnglandIan Bishop16
2%
2003/04GKDenmarkKevin Ellegaard7
2%
2011/12LWItalyLuca Scapuzzi2
2%
2002/03CBCameroonLucien Mettomo6
2%
2001/02CBCameroonLucien Mettomo251
2%
2001/02RBEnglandRichard Edghill13
2%
2000/01RBEnglandRichard Edghill7
2%
2004/05GKNetherlandsRonald Waterreus2
2%
2001/02RBEnglandTyrone Mears1
2%
2003/04GKIcelandArni Arason2
0%
2002/03RMEnglandChris Shuker3
0%
2001/02RMEnglandChris Shuker31
0%
2005/06AMQatarHussein Yasser1
0%
2018/19RWEnglandIan Poveda1
0%
2012/13LMFranceJeremy Helan1
0%
2004/05CMEnglandJonathan D'Laryea1
0%
2000/01RBFranceLaurent Charvet21
0%
2001/02RBFranceLaurent Charvet3
0%
2000/01DMEnglandLee Crooks4
0%
2001/02CBScotlandPaul Ritchie11
0%
2000/01CBScotlandPaul Ritchie16
0%
2000/01CBEnglandRichard Jobson2
0%
2001/02CBAustraliaSimon Colosimo7
0%
2000/01CBEnglandSpencer Prior281
0%
2000/01CMCanadaTerry Dunfield1
0%

Score Distribution

Percentile by Number Answered

Percent of People with Each Score

Your Score History

You have not taken this quiz since the last reset